Statistiche per Il paese più... in europa

Clicka qui per fare il quiz!

Statistiche generali

  • Questo quiz è stato fatto 438 volte
  • Il punteggio medio è 11 su 20

Statistiche sulle risposte

DomandaRisposta% Corretto
Il paese più grande d'EuropaRussia
99%
Il paese più piccoloCittà del Vaticano
97%
Il paese con meno abitantiCittà del Vaticano
93%
Il paese con più abitantiRussia
91%
Il paese con il punto più a nordRussia
90%
Il paese con il punto più a estRussia
89%
Il paese con il punto più a ovestPortogallo
87%
Il paese con il punto più a sudSpagna
76%
Il paese con il punto più altoItalia
70%
Il paese con il PIL più altoGermania
66%
Il paese con meno confiniIslanda
59%
Il paese con più immigratiGermania
48%
Il paese con il punto più bassoRussia
36%
Il paese con più isoleSvezia
34%
Il paese con il PIL pro capite più altoLussemburgo
31%
Il paese con il PIL più bassoMalta
18%
Il paese con il PIL pro capite più bassoBulgaria
13%
Il paese più tassatoDanimarca
11%
Il paese con meno immigratiCittà del Vaticano
9%
Il paese meno tassatoBulgaria
7%

Distribuzione punteggi

Percentile per numero di risposta

Percentuale di utenti per punteggio

I tuoi punteggi nel tempo

Non hai fatto questo quiz